000 00379nmm a2200145Ia 4500
008 251105s9999||||xx |||||||||||||||||und||
041 _aspa
100 _aHepp, Kim
245 0 _aUn alto precio
264 _a[Madrid, España] :
_bEdiciones B,
_c2016
300 _a428 páginas
650 _aRomance
856 _uhttps://public.digitaliapublishing.com/a/53746
942 _cCF
999 _c106160
_d106160